Behavior in Organizations: An Experiential Approach. (Record no. 279)

MARC details
005 - DATE AND TIME OF LATEST TRANSACTION
control field 20250310133725.0
020 ## - INTERNATIONAL STANDARD BOOK NUMBER
International Standard Book Number 978-0-07-340493-6
082 ## - DEWEY DECIMAL CLASSIFICATION NUMBER
Classification number 302.35 SHA
100 ## - MAIN ENTRY--PERSONAL NAME
Author name SHANI,A.B.
245 ## - TITLE STATEMENT
Title Behavior in Organizations: An Experiential Approach.
250 ## - EDITION STATEMENT
Edition statement 9thEd.
260 ## - PUBLICATION, DISTRIBUTION, ETC.
Place of publication, distribution, etc. New York,
Name of publisher, distributor, etc. McGraw-Hill Irwin,
Date of publication, distribution, etc. 2009.
300 ## - PHYSICAL DESCRIPTION
Extent xvi,520p.:Ill.;figure & table.
Other physical details Index.
Dimensions 27cm.
700 ## - ADDED ENTRY--PERSONAL NAME
Other authors/Editors CHANDA,D.A , COGET,F,& LAU, J.B.
942 ## - ADDED ENTRY ELEMENTS (KOHA)
Source of classification or shelving scheme Dewey Decimal Classification
Koha item type Books
Holdings
Date last seen Total checkouts Full call number Barcode Cost, replacement price Price effective from Koha item type Lost status Source of classification or shelving scheme Damaged status Not for loan Withdrawn status Home library Current library Shelving location Date acquired Cost, normal purchase price
03/10/2025   302.35 SHA 0000001005 165000.00 03/10/2025 Books   Dewey Decimal Classification       College of Business Education Main Library College of Business Education Main Library General Collection 05/26/2011 55000.00
03/10/2025   302.35 SHA 0000001006 165000.00 03/10/2025 Books   Dewey Decimal Classification       College of Business Education Main Library College of Business Education Main Library General Collection 05/26/2011 55000.00
03/10/2025   302.35 SHA 0000001007 165000.00 03/10/2025 Books   Dewey Decimal Classification       College of Business Education Main Library College of Business Education Main Library General Collection 05/26/2011 55000.00
03/10/2025   302.35 SHA 0000001008 165000.00 03/10/2025 Books   Dewey Decimal Classification       College of Business Education Main Library College of Business Education Main Library General Collection 05/26/2011 55000.00
03/10/2025   302.35 SHA 0000001009 165000.00 03/10/2025 Books   Dewey Decimal Classification       College of Business Education Main Library College of Business Education Main Library General Collection 05/26/2011 55000.00